Banská - Bystrica

Zobrazenie: V bielom orámovaní pohľad z kopca na mesto. V popredí pod kopcom sú domy, za ktorými tečie rieka, na ktorej vľavo je most. Popred domy ide železničná trať. Za riekou vľavo medzi domami je parčík. Vpravo v pozadí v meste je kostol Nanebovzatia Panny Márie a veža mestského hradu. Za mestom...

Full description

Bibliographic Details
Format: Postcard
Language:Slovak
PhysicalDescription:1 pohľadnica čiernobiela 9 x 14 cm
Published: [Slovensko?] [vydavateľ neznámy] [medzi 1920 a 1973?]
Subjects:

MARC

LEADER 00000nkm a2200000 a 4500
001 vtls011983085
003 SK-MaSNL
005 20260512123159.0
007 kp bo
008 231121q1920 xo g kuslo
015 |a SNBG 
035 |a urn:nbn:sk:snk-km00fd2a 
035 |a urn:nbn:sk:snk-km45u9o 
035 |a 197F598D-D768-4D00-B69B-3EAA09F484B3 
040 |a SNK  |b slo  |c SNK  |e AACR2 
041 0 |a slo 
043 |a e-xo--- 
044 |a xo  |c SK 
072 7 |a 913  |x Regionálna geografia  |2 konspekt 
080 |a 913(437.6)  |2 2011 
080 |a 904(084.121)  |2 2011 
080 |a 728.81  |2 2011 
080 |a 726:27-523.42  |2 2011 
080 |a 556.53  |2 2011 
245 0 0 |a Banská - Bystrica  |h grafika 
246 3 3 |a Banská Bystrica 
260 |a [Slovensko?]  |b [vydavateľ neznámy]  |c [medzi 1920 a 1973?] 
300 |a 1 pohľadnica  |b čiernobiela  |c 9 x 14 cm 
500 |a Názvové údaje prevzaté z obrazovej časti pohľadnice 
500 |a Číslo záberu 65 
520 8 |a Zobrazenie: V bielom orámovaní pohľad z kopca na mesto. V popredí pod kopcom sú domy, za ktorými tečie rieka, na ktorej vľavo je most. Popred domy ide železničná trať. Za riekou vľavo medzi domami je parčík. Vpravo v pozadí v meste je kostol Nanebovzatia Panny Márie a veža mestského hradu. Za mestom sú kopce. V popredí je vidieť niekoľko vrcholov stromov a v ľavom hornom rohu sú halúzky ihličnatého stromu 
610 2 7 |a Kostol Nanebovzatia Panny Márie (Banská Bystrica, Slovensko)  |2 SNKKA  |9 171768 
610 1 7 |a Banská Bystrica (Slovensko : hrad)  |2 SNKKA  |9 165891 
650 0 7 |a kultúrne pamiatky  |2 SNKPH  |9 2862 
650 0 7 |a kostoly  |2 SNKPH  |9 3023 
650 0 7 |a hrady  |2 SNKPH  |9 3039 
650 0 7 |a rieky  |2 SNKPH  |9 29644 
651 7 |a Banská Bystrica (Slovensko)  |2 SNKPHgeo  |9 22015 
651 7 |a Hron (Slovensko : rieka)  |2 SNKPHgeo  |9 175618 
655 7 |a miestne pohľadnice  |2 SNKPH  |9 70510 
655 7 |a pohľadnice kultúrnych pamiatok  |2 SNKPH  |9 70523 
852 |a Slovenská národná knižnica 
958 |a GBN 
958 |a GC 
958 |a OND 
958 |a EUIPO 
999 |c 694639  |d 696569 
952 |a SNK  |b SNK  |y PREZ  |7 0  |p 17A1436676  |o snkSP 104786  |z Pohľadnica má zúbkované okraje.  |0 0  |1 0  |4 0  |d 2020-07-21  |f 1  |l 0  |r 2026-02-23 20:38:34  |w 2026-02-23